000 00406nam a2200157 a 4500
005 20140412111223.0
008 091205s19uu xx 00 eng d
020 _a978-1-7415-7953-6
050 _aTR(PS E
_bH32 2009
100 _aHaydon, Julie
245 _aFirst 1000 words /
_cJulie Haydon.
260 _aChina :
_bHinkler books,
_c2009.
300 _a95p.
650 _aPicture book
999 _c101971
_d101971